000 003300000a22000970004500
100 1 _aLieu, Judith M.
245 1 0 _aThe attraction of women' in/to early judaism and christianity : Gender and the politics of conversion
300 _aNúm 72 (1998), Páginas 5-22
773 0 _tJournal for the Study of the New Testament
942 _cANA
999 _c56005
_d56005